Parodontological diseases and their medical aspects

Elmentve itt :
Bibliográfiai részletek
Szerző: Varga Renáta
Dokumentumtípus: Könyv
Kulcsszavak:fogászat
Tárgyszavak:
Online Access:http://eta.bibl.u-szeged.hu/5255
LEADER 00692nnm a2200193 i 4500
001 eta5255
005 20210312125918.0
008 210312suuuu hu o 0|| eng d
040 |a SZTE Elektronikus Tananyag Archívum  |b hun 
041 |a eng 
100 1 |a Varga Renáta 
245 1 0 |a Parodontological diseases and their medical aspects  |h [elektronikus dokumentum] /  |c  Varga Renáta 
300 |a 11 
516 |a Book 
650 4 |a Orvos- és egészségtudomány 
650 4 |a Klinikai orvostan 
650 4 |a Fogászat, szájsebészet és -gyógyászat 
695 |a fogászat 
856 4 0 |u https://eta.bibl.u-szeged.hu/5255/1/varga_parodontological_diseases_and_their_medical_aspects.pdf  |z Dokumentum-elérés